Catálogo público

Química orgánica : (Record no. 95562)

MARC details
000 -CABECERA
campo de control de longitud fija 01293nam a22003617a 4500
003 - IDENTIFICADOR DEL NÚMERO DE CONTROL
campo de control CHAP
005 - FECHA Y HORA DE LA ÚLTIMA TRANSACCIÓN
campo de control 20220329143350.0
008 - DATOS DE LONGITUD FIJA--INFORMACIÓN GENERAL
campo de control de longitud fija 081226s2000 sp a r 00110 spa d
010 ## - NÚMERO DE CONTROL DE LA BIBLIOTECA DEL CONGRESO
Número de control de LC 95562
011 ## - ENLACE DEL NUMERO DE CONTROL DE LA BIBLIOTECA DEL CONGRESO [OBSOLETO]
Número de control de LC 96534
020 ## - NÚMERO INTERNACIONAL ESTÁNDAR DEL LIBRO
Número Internacional Estándar del Libro 8428211728
035 ## - NÚMERO DE CONTROL DEL SISTEMA
Número de control de sistema 107188
040 ## - FUENTE DE LA CATALOGACIÓN
Centro/agencia transcriptor CHAP
082 04 - NÚMERO DE LA CLASIFICACIÓN DECIMAL DEWEY
Número de clasificación 547
Número de documento/Ítem V88y
Número de edición 2000
100 00 - ENTRADA PRINCIPAL--NOMBRE DE PERSONA
Nombre de persona Vollhardt, K. Peter C.
9 (RLIN) 120650
245 10 - MENCIÓN DE TÍTULO
Título Química orgánica :
Resto del título estructura y función
Mención de responsabilidad, etc. /por K. Peter C. Vollhardt y Neil E. Schore ; tr. David Andreu Martínez
250 ## - MENCIÓN DE EDICIÓN
Mención de edición 3 ed.
260 ## - PUBLICACIÓN, DISTRIBUCIÓN, ETC.
Lugar de publicación, distribución, etc. España :
Nombre del editor, distribuidor, etc. Omega,
Fecha de publicación, distribución, etc. c2000
300 ## - DESCRIPCIÓN FÍSICA
Extensión xxxiv, 1213, [84] p. :
Otras características físicas ilus.
500 ## - NOTA GENERAL
Nota general Incluye índice
505 0# - NOTA DE CONTENIDO CON FORMATO
Nota de contenido con formato Traducción de: Organic chemistry : structure and function
590 ## - NOTA LOCAL (RLIN)
Nota local BATCH-UPD
Procedencia (VM) [OBSOLETO] 10
Condición del los carretes individuales (VM) [OBSOLETO] 20130110
-- UCH01
-- 0442
590 ## - NOTA LOCAL (RLIN)
Nota local BATCH-UPD
Procedencia (VM) [OBSOLETO] 10
Condición del los carretes individuales (VM) [OBSOLETO] 20130410
-- UCH01
-- 0119
590 ## - NOTA LOCAL (RLIN)
Nota local BATCH-UPD
Procedencia (VM) [OBSOLETO] 10
Condición del los carretes individuales (VM) [OBSOLETO] 20130914
-- UCH01
-- 1802
590 ## - NOTA LOCAL (RLIN)
Nota local CONVERSION
Procedencia (VM) [OBSOLETO] 10
Condición del los carretes individuales (VM) [OBSOLETO] 20130109
-- UCH01
-- 1353
650 04 - PUNTO DE ACCESO ADICIONAL DE MATERIA--TÉRMINO DE MATERIA
Término de materia o nombre geográfico como elemento de entrada Química orgánica.
9 (RLIN) 93598
700 0# - PUNTO DE ACCESO ADICIONAL--NOMBRE DE PERSONA
Nombre de persona Schore, Neil Eric.
9 (RLIN) 103147
700 1# - PUNTO DE ACCESO ADICIONAL--NOMBRE DE PERSONA
Nombre de persona Martínez, David Andreu
Término indicativo de función/relación tr.
9 (RLIN) 72664
901 ## - ELEMENTOS DE DATOS A LOCAL LDA (RLIN)
a BK
942 ## - ELEMENTOS DE PUNTO DE ACCESO ADICIONAL (KOHA)
Tipo de ítem Koha Libro
949 ## - PROCESAMIENTO DE INFORMACIÓN LOCAL (OCLC)
a 547 V88y 2000
b BC
c LIBRO
d 33724002069892
e LIBRO
f c.2
g I.c/e
h 110197
i 107188
s i
t $994.50
949 ## - PROCESAMIENTO DE INFORMACIÓN LOCAL (OCLC)
a 547 V88y 2000
b BC
c LIBRO
d 33724002259074
e LIBRO
g I.c/e
h 110196
i 107188
s i
t $994.50
Holdings
Estado de retiro Estado de pérdida Fuente del sistema de clasificación o colocación Estado dañado Restricciones de uso No para préstamo Código de colección Localización permanente Ubicación/localización actual Ubicación en estantería Fecha de adquisición Fuente de adquisición Información codificada de la localización en otra ubicación Total de préstamos Signatura topográfica completa Código de barras Fecha visto por última vez Número de copia Precio válido a partir de Tipo de ítem Koha Fecha del último préstamo
    Dewey Decimal Classification   Préstamo 15 días   General Biblioteca Central Biblioteca Central Planta alta - Colección General 31/12/2019 I.c/e LIBRO   547 V88y 2000 33724002069892 31/12/2019 c.2 31/12/2019 Libro  
    Dewey Decimal Classification   Préstamo 15 días   General Biblioteca Central Biblioteca Central Planta alta - Colección General 31/12/2019 I.c/e LIBRO 1 547 V88y 2000 33724002259074 24/11/2023   31/12/2019 Libro 10/11/2023